Представление документа в формате RUSMARC

ПолеНазваниеЗначение
  Тип записи a
  Библиографический уровень a
001 Контрольный номер RU/CBS_UL/BASE/c74f59299d4a4af6aed0ad444ed17375
005 Дата корректировки 20230221083521.0
100 Данные общей обработки __
a Данные общей обработки 20230221 ||| 0rusy0189 ca
101 Язык документа 0_
a Язык текста rus
102 Страна публикации __
a Страна публикации RU
200 Заглавие и сведения об ответственности 1_
a Заглавие Солнце планеты страха
e Сведения, относящиеся к заглавию [Стивен Эдвин Кинг — американский писатель, работающий в разнообразных жанрах, включая ужасы, триллер, фантастику, фэнтези, мистику и др. драму, детективы]
f Первые сведения об ответственности Е. Новицкий
461 Уровень набора _0
1 2000
a Загадки истории
463 Уровень физической единицы _0
1 2000
a № 7
v С. 34-35 : фот.
1 2101
d 2023
1 001RU/CBS_UL/BASE/0ed947e9e17247a2ac6d396d21e1082b
600 Персоналии _1
a Персоналии (Фамилия) Кинг
b Персоналии (Имя, инициалы) С.
g Полное имя Стивен Эдвин
606 Тематические рубрики 0_
a Основная рубрика Литературоведение, 20-21 вв. - США
606 Тематические рубрики 0_
a Основная рубрика Кинг, Стивен Эдвин (1947), о нём
610 Ключевые слова 0_
a Ключевые слова американские писатели
610 Ключевые слова 0_
a Ключевые слова фантасты
610 Ключевые слова 0_
a Ключевые слова триллеры
610 Ключевые слова 0_
a Ключевые слова детективы
610 Ключевые слова 0_
a Ключевые слова фэнтези
686 Индексы других классификаций __
a Классификационный индекс 83.3(7Сое)
2 Код системы ББК
700 Автор _1
a Фамилия Новицкий
b Имя (инициалы) Е.
801 Источник записи _0
a Страна RU
b Организация МБУК ЦБС г. Ульяновска
c Дата составления 20230221
g Правила каталогизации RCR
801 Источник записи _1
a Страна RU
b Организация МБУК ЦБС г. Ульяновска
c Дата составления 20230221
g Правила каталогизации RCR
901 Тип документа __
t Тип документа b
w Контрольный № источника RU/CBS_UL/BASE/0ed947e9e17247a2ac6d396d21e1082b